| 000 | 00549nam a22001937a 4500 | ||
|---|---|---|---|
| 005 | 20250423080720.0 | ||
| 008 | 250423b |||||||| |||| 00| 0 eng d | ||
| 020 | _a978-0-06-266756-4 | ||
| 082 | _a824.914 G141 2016 | ||
| 100 | _aGaiman, Neil | ||
| 245 |
_aThe view from the cheap seats: _bselected nonfiction / _cNeil Gaiman |
||
| 260 |
_aNew York: H _bHarperCollins Publishers, _cc2016 |
||
| 300 | _axviii, 568p. | ||
| 504 | _aIncludes index | ||
| 541 | _e7814 | ||
| 650 | _aCreative nonfiction | ||
| 650 | _aEssays | ||
| 650 | _aPopular culture | ||
| 999 |
_c2428 _d2428 |
||